[Event "Natal Potiguar B2"]
[Site "Natal"]
[Date "2018.07.22"]
[Round "4.3"]
[White "Jardim, Lukas Maximo G Abre"]
[Black "Da Silva, Karina Ingryd Olive"]
[Result "0-1"]
[WhiteElo "1332"]
[BlackElo "1480"]
[PlyCount "46"]
[EventDate "2018.07.19"]
[EventType "swiss"]
[EventRounds "5"]
[EventCountry "BRA"]
[SourceTitle "EXT 2022"]
[Source "ChessBase"]
[SourceDate "2021.10.06"]
[SourceVersion "1"]
[SourceVersionDate "2021.10.06"]
[SourceQuality "1"]

1. e4 e6 2. e5 Nc6 3. d4 d6 4. Nf3 dxe5 5. Bg5 f6 6. Nxe5 Nxe5 7. Bxf6 Qxf6 8. dxe5 Qxe5+ 9. Be2 Qxb2 10. Nd2 Qf6 11. 0-0 Qh6 12. Ne4 Nf6 13. Ng3 Bd6 14. h3 0-0 15. Bc4 Qf4 16. Qe2 Ne4 17. Rae1 Nxg3 18. Bxe6+ Bxe6 19. Qxe6+ Kh8 20. fxg3 Qxg3 21. Rf7 h6 22. Re3 Qh2+ 23. Kf1 Rxf7+ 0-1

[Event "Natal University Circuito Potiguar I"]
[Site "Natal"]
[Date "2017.04.09"]
[Round "5.8"]
[White "De Araujo, Antonio Jose"]
[Black "Jardim, Lukas Maximo G Abre"]
[Result "1-0"]
[WhiteElo "1603"]
[BlackElo "1800"]
[PlyCount "87"]
[EventDate "2017.04.07"]
[EventType "swiss"]
[EventRounds "5"]
[EventCountry "BRA"]
[SourceTitle "EXT 2022"]
[Source "ChessBase"]
[SourceDate "2021.10.06"]
[SourceVersion "1"]
[SourceVersionDate "2021.10.06"]
[SourceQuality "1"]

1. Nf3 Nc6 2. g3 e5 3. d3 Bc5 4. e3 Nf6 5. Bg2 e4 6. dxe4 Nxe4 7. 0-0 0-0 8. c3 a5 9. Nd4 Re8 10. Nxc6 bxc6 11. Bxe4 Rxe4 12. Nd2 Re6 13. Nb3 d6 14. Nxc5 Rh6 15. Nd3 Bf5 16. Nf4 Qd7 17. Qf3 d5 18. Qh1 Re8 19. f3 Rhe6 20. Nxe6 Qxe6 21. e4 dxe4 22. Re1 Qe5 23. Bf4 Qc5+ 24. Be3 Qd5 25. f4 Qd3 26. Rad1 Qc2 27. Rd2 Qa4 28. b3 Qa3 29. Qg2 Qe7 30. Rf2 Qd6 31. g4 Bd7 32. h3 c5 33. c4 Bc6 34. Rd2 Qe6 35. Qh2 h6 36. f5 Qe7 37. Rf1 Qe5 38. Qxe5 Rxe5 39. Kh2 Re8 40. h4 Rc8 41. Rfd1 g6 42. Rd8+ Rxd8 43. Rxd8+ Kg7 44. Bd4+ 1-0